Представление документа в формате MARC21

ПолеНазваниеЗначение
  Тип записи a
  Библиографический уровень m
001 Контрольный номер RU\infra-m\znanium\bibl\2170831
005 Дата корректировки 20260429142119.4
008 Кодируемые данные 250606s2025 RU g rus u
020 Индекс ISBN __
a ISBN 978-5-16-020376-8
020 Индекс ISBN __
a ISBN 978-5-16-112944-9 (электр. издание)
040 Источник каталогиз. __
a Служба первич. каталог. Общество с ограниченной ответственностью «ЗНАНИУМ»
041 Код языка издания __
a Код языка текста rus
044 Код страны публикации __
a Код страны публикации RU
080 Индекс УДК __
a Индекс УДК 517.5(075.8)
084 Индекс другой классификации/Индекс ББК __
2 Источник индекса rubbk
a Индекс другой классификации/Индекс ББК 22.161.5я73
084 Индекс другой классификации/Индекс ББК __
2 Источник индекса okso
a Индекс другой классификации/Индекс ББК 01.03.01
084 Индекс другой классификации/Индекс ББК __
2 Источник индекса okso
a Индекс другой классификации/Индекс ББК 03.03.01
100 Автор __
a Автор Шишкин А.Б.
q Полное имя Шишкин Андрей Борисович
u Дополнение Кубанский государственный университет
245 Заглавие __
a Заглавие Общее введение в теорию функций
b Продолж. заглавия Учебник
c Ответственность Кубанский государственный университет
250 Сведения об издании __
a Основные сведения об издании 1
260 Выходные данные __
a Место издания Москва
b Издательство ООО "Научно-издательский центр ИНФРА-М"
c Дата издания 2025
300 Физическое описание __
a Объем 425 с.
440 Серия __
a Серия Высшее образование
520 Аннотация __
a Аннотация Учебник содержит строгое изложение основных понятий и ключевых теорем теории функций (действительной и комплексной переменных). Написан на основе лекций по разным учебным курсам в течение нескольких лет читаемых автором в Кубанском государственном университете и может быть использован при изучении математического анализа теории функций действительной переменной теории функций комплексной переменной и др. Для студентов естественно-математических специальностей. Может быть полезен студентам и преподавателям вузов с расширенной математической подготовкой а также специалистам в области математики и ее приложений.
521 Примеч. о цел. назн. __
a Примеч. о целев. назн. ВО - Бакалавриат
650 Тематические рубрики __
a Основная рубрика Физико-математические науки
x Основная подрубрика Математический анализ. Функциональный анализ
655 Указ. предметных рубрик (устаревшее) __
a Жанр/ форма (устаревшее) Учебник
856 Электронный адрес документа 4_
a Имя сервера/домена znanium.ru
m Помощь ebs_support@infra-m.ru
n Местонахождение сервера НИЦ ИНФРА-М
u URL https://znanium.ru/catalog/document?id=461760
856 Электронный адрес документа 48
a Имя сервера/домена znanium.ru
d Путь /cover/2170
f Электронное имя 2170831.jpg
q Тип электронного формата image/jpeg
u URL https://znanium.ru/cover/2170/2170831.jpg
911 __
u 0030=https://znanium.ru/catalog/document?id=461760